Les mésanges d’Europe - Statistiques

Statistiques générales
  • Ce quiz a été pris 7 fois
    6 depuis la dernière actualisation
  • Le résultat moyen est 8 sur 11
Statistiques - réponses
Hint Réponse % Correct
Oiseau Mésange bleue
100%
Oiseau Mésange charbonnière
100%
Oiseau Mésange à longue queue
83%
Oiseau Mésange boréale
83%
Oiseau Mésange huppée
83%
Oiseau Mésange noire
83%
Oiseau Mésange nonnette
83%
Oiseau Mésange azurée
67%
Oiseau Mésange lapone
67%
Oiseau Mésange lugubre
50%
Bonus Mésange de Pleske
33%
Aucun quiz correspondant
Distribution des résultats
% des personnes avec chaque résultat
Percentile par nombre de réponses
Votre historique - résultats
Vous n’avez pas pris ce quiz depuis la dernière actualisation